La competencia territorial de la justicia nacional del trabajo en el teletrabajo y las modalidades híbridas : (Registro nro. 6553)
[ vista simple ]
| 000 -LEADER | |
|---|---|
| fixed length control field | 01508nab a22002417a 4500 |
| 003 - CONTROL NUMBER IDENTIFIER | |
| control field | OSt |
| 005 - DATE AND TIME OF LATEST TRANSACTION | |
| control field | 20260224090034.0 |
| 008 - FIXED-LENGTH DATA ELEMENTS--GENERAL INFORMATION | |
| fixed length control field | 190506c xxu||||| |||| 00| 0 spa d |
| 040 ## - CATALOGING SOURCE | |
| Transcribing agency | PJ |
| 100 ## - MAIN ENTRY--PERSONAL NAME | |
| 9 (RLIN) | 5176 |
| Personal name | Picón, Liliana Noemí |
| 245 13 - TITLE STATEMENT | |
| Title | La competencia territorial de la justicia nacional del trabajo en el teletrabajo y las modalidades híbridas : |
| Remainder of title | repensando el presupuesto "lugar de trabajo" / |
| Statement of responsibility, etc | Liliana N. Picón. |
| 260 ## - PUBLICATION, DISTRIBUTION, ETC. (IMPRINT) | |
| Place of publication, distribution, etc | Buenos Aires : |
| Name of publisher, distributor, etc | AbeledoPerrot, |
| Date of publication, distribution, etc | 2024. |
| 300 ## - PHYSICAL DESCRIPTION | |
| Extent | p. 3-6 |
| 500 ## - GENERAL NOTE | |
| General note | Cita: TR LALEY AR/DOC/1504/2024. |
| 505 ## - FORMATTED CONTENTS NOTE | |
| Formatted contents note | Sumario: I. Un poco sobre este artículo.— II. El propósito legislativo.— III. El pago en juicio. Orden público. Protección de la propiedad de la persona que trabaja.— IV. La ratificación personal previa en pacto, desistimientos y acuerdos, protección de la disponibilidad del crédito de la persona que trabaja.— V. La realidad en la práctica.— VI. Breve análisis del tiempo y funcionamiento actual en algunos Departamentos Judiciales de la Pcia. de Bs. As.— VII. Una posible solución.— VIII. Conclusiones.— IX. Bibliografía. |
| 505 ## - FORMATTED CONTENTS NOTE | |
| Title | ¿Te interesa el texto completo? Comunicate al correo: koha@justierradelfuego.gov.ar |
| 650 #0 - SUBJECT ADDED ENTRY--TOPICAL TERM | |
| 9 (RLIN) | 1316 |
| Topical term or geographic name as entry element | DERECHO LABORAL |
| 650 #0 - SUBJECT ADDED ENTRY--TOPICAL TERM | |
| 9 (RLIN) | 4195 |
| Topical term or geographic name as entry element | COMPETENCIA LABORAL |
| 650 #0 - SUBJECT ADDED ENTRY--TOPICAL TERM | |
| 9 (RLIN) | 2397 |
| Topical term or geographic name as entry element | COMPETENCIA |
| 650 #0 - SUBJECT ADDED ENTRY--TOPICAL TERM | |
| Topical term or geographic name as entry element | FUERO LABORAL |
| 773 0# - HOST ITEM ENTRY | |
| Host Biblionumber | 2751 |
| Host Itemnumber | 3202 |
| Place, publisher, and date of publication | Buenos Aires : AbeledoPerrot, 2013- |
| Title | Revista de derecho laboral y seguridad social. Nº 14 - Julio 2024 |
| 942 ## - ADDED ENTRY ELEMENTS (KOHA) | |
| Source of classification or shelving scheme | |
| Koha item type | Analítica Artículo de Revista |
No hay ítems disponibles.
